000 03008nam a2201141 a 4500
003 PE-LiUPU
005 20250813185654.0
008 921202s1992 ck a 000 0 spa
020 _a9580603596
040 _aDLC
_cPE-LiUPU
_bspa
_dPE-LiUPU
_erda
082 _223
_a338.9861
_bL864c
100 2 _aLópez Caballero, Juan Manuel.
_eautor
245 1 0 _aCrítica al modelo neoliberal :
_bla apertura, la inflación, la crisis fiscal, efectos sociales y políticos de su implementación /
_cJuan Manuel López Caballero.
250 _aPrimera edición.
264 _aBogotá :
_bEditorial Oveja Negra,
_c1992.
300 _a207 páginas :
_bilustaciones ;
_c21 centímetros.
440 0 _aBiblioteca de economía colombiana
505 _aLa ausencia de un modelo de desarrollo -- La crisis social o la desinstitucionalización de un modelo de estado -- La apertura de Barco y Gaviria. Inflación de costos -- El neoliberalismo en Colombia -- La social democracia y la planificación estratégica -- Fukuyama y el fin de la historia -- El capitalismo moderno: los conglomerados -- Rehacer el estado.
526 _aP202
526 _aP201
526 _aP163
526 _aP162
526 _aP161
526 _aP160
526 _aP148
526 _aP147
526 _aP146
526 _aP145
526 _aP144
526 _aP143
526 _aP142
526 _aP141
526 _aP140
526 _aP139
526 _aP138
526 _aP137
526 _aP136
526 _aP135
526 _aP134
526 _aP133
526 _aP129
526 _aP128
526 _aP127
526 _aP120
526 _aP119
526 _aP118
526 _aP116
526 _aP115
526 _aP114
526 _aP110
526 _aP109
526 _aP108
526 _aP104
526 _aP103
526 _aP102
526 _aP99
526 _aP98
526 _aP97
526 _aP96
526 _aP95
526 _aP93
526 _aP90
526 _aP89
526 _aP88
526 _aP83
526 _aP82
526 _aP62
526 _aP59
526 _aP58
526 _aP57
526 _aP51
526 _aP49
526 _aP48
526 _aP47
526 _aP29
526 _aP24
526 _aP20
526 _aP19
526 _aP17
526 _aP15
526 _aP14
526 _aP12
526 _aP10
526 _aP09
526 _aP08
526 _aP07
526 _aP06
526 _aP05
526 _aP04
526 _aP01
650 0 _aApertura económica
_zColombia
_y1990-1994
_91198
650 0 _aPolítica económica
_zColombia
_91170
650 0 _aPolítica social
_zColombia
_91173
650 0 _aMacroeconomía
_91174
942 _2ddc
_cBK
980 _621515
_aDIGNA BRAÑES Analista Documental
_81
_gALBERTO SANCHEZ Responsable de Automatización
999 _c61821
_d61821